000 00272nam a22001217a 4500
008 180130b xxu||||| |||| 00| 0 eng d
041 _aeng
080 _a94
100 _a16
101 _ahis
245 _aharward histotrical monographic
_csamuel.p.h
942 _2udc
_cBK
999 _c41226
_d41226